The plus guide peninsular Malaysia : The West Coast and Central Peninsula, with a special supplement for the East Coast states

Wedi'i Gadw mewn:
Manylion Llyfryddiaeth
Fformat: Llyfr
Iaith:Undetermined
Cyhoeddwyd: Kuala Lumper Projek Lebuhraya Utara- Selatan Berhad 1996
Pynciau:
Tagiau: Ychwanegu Tag
Dim Tagiau, Byddwch y cyntaf i dagio'r cofnod hwn!
Thư viện lưu trữ: Trung tâm Học liệu Trường Đại học Cần Thơ
LEADER 00579nam a2200181Ia 4500
001 CTU_110087
008 210402s9999 xx 000 0 und d
082 |a 959.5 
082 |b P737 
245 4 |a The plus guide peninsular Malaysia : 
245 4 |b The West Coast and Central Peninsula, with a special supplement for the East Coast states 
260 |a Kuala Lumper 
260 |b Projek Lebuhraya Utara- Selatan Berhad 
260 |c 1996 
650 |a Malaysia 
650 |x Description and travel 
904 |i M.Loan 
980 |a Trung tâm Học liệu Trường Đại học Cần Thơ